Statistics for Countries Ending in N

Click here to take the quiz!

General Stats

  • This quiz has been taken 104 times
    (94 since last reset)
  • The average score is 19 of 25

Answer Stats

Answer% Correct
Pakistan
94%
Afghanistan
93%
Kazakhstan
90%
Turkmenistan
87%
Japan
86%
Tajikistan
86%
Uzbekistan
86%
Kyrgyzstan
85%
Oman
85%
Yemen
85%
Bhutan
83%
Iran
80%
Spain
80%
Sweden
80%
Azerbaijan
76%
Jordan
75%
Benin
70%
Sudan
70%
Lebanon
69%
South Sudan
69%
Bahrain
65%
Taiwan
61%
Gabon
58%
Liechtenstein
54%
Cameroon
48%

Score Distribution

Percentile by Number Answered

Percent of People with Each Score

Your Score History

You have not taken this quiz since the last reset